000 01268cam a2200361 i 4500
001 53771
003 KOSZ 005
005 20220120092346.0
008 060413s2006 pl a f 001 0 pol
015 _aPB 2006/9093
020 _a9788360501009
020 _a8360501009
040 _aWA N
_cWA N
_dKOSZ 005/HR
080 _a050+070
080 _a82(091)-92
080 _a004.738.5
100 1 _aOlszański, Leszek.
_eAutor
245 1 0 _aDziennikarstwo internetowe /
_cLeszek Olszański.
260 _aWarszawa :
_bWydawnictwa Akademickie i Profesjonalne. Grupa Kapitałowa WSiP,
_ccopyright 2006.
300 _a313, [1] stron :
_bilustracje ;
_c24 cm.
336 _aTekst
_3txt
_2rdacontent
337 _aBez urządzenia pośredniczącego
_bn
_2rdamedia
338 _aWolumin
_bnc
_2rdacarrier
380 _aKsiążki
490 1 _aEdukacja Medialna.
504 _aBibliografia na stronach 301-303. Indeks.
658 _aMedia i komunikacja społeczna
650 4 _aDziennikarstwo internetowe
710 2 _aWydawnictwa Akademickie i Profesjonalne
_4pbl.
856 _uhttp://koha.tu.koszalin.pl/cgi-bin/koha/opac-detail.pl?biblionumber=53771
_yKatalog online BPK
830 0 _aEdukacja Medialna
942 _2UKD
_cKS
999 _c53771
_d53771